قائمة الطعام ... تخطيط ، تصميم ، تسويق ، رقابة واتخاذ قرارات / (رقم التسجيلة. 112669)
[ عرض عادي ]
| 000 -LEADER | |
|---|---|
| fixed length control field | 00683nam a22001937a 4500 |
| 005 - DATE AND TIME OF LATEST TRANSACTION | |
| control field | 20251108174556.0 |
| 008 - FIXED-LENGTH DATA ELEMENTS--GENERAL INFORMATION | |
| fixed length control field | 250721s2008 xx 000 0 ara d |
| 082 14 - DEWEY DECIMAL CLASSIFICATION NUMBER | |
| Classification number | 641.3/بلد |
| 100 1# - MAIN ENTRY--PERSONAL NAME | |
| Personal name | البلداوي، نزار فليح |
| Relator term | مؤلف |
| 245 10 - TITLE STATEMENT | |
| Title | قائمة الطعام ... تخطيط ، تصميم ، تسويق ، رقابة واتخاذ قرارات / |
| 264 1# - PRODUCTION, PUBLICATION, DISTRIBUTION, MANUFACTURE, AND COPYRIGHT NOTICE | |
| Place of production, publication, distribution, manufacture | عمان : |
| Name of producer, publisher, distributor, manufacturer | دار وائل للنشر والتوزيع، |
| Date of production, publication, distribution, manufacture, or copyright notice | 2008. |
| 300 ## - PHYSICAL DESCRIPTION | |
| Extent | 316 ص. |
| 650 17 - SUBJECT ADDED ENTRY--TOPICAL TERM | |
| Topical term or geographic name as entry element | الخدمات الغذاايه |
| 650 17 - SUBJECT ADDED ENTRY--TOPICAL TERM | |
| Topical term or geographic name as entry element | اعداد الاغذيه |
| 650 17 - SUBJECT ADDED ENTRY--TOPICAL TERM | |
| Topical term or geographic name as entry element | الاداره |
| 700 1# - ADDED ENTRY--PERSONAL NAME | |
| Personal name | كنة، علاء يوسف |
| Relator term | مؤلف |
| 942 ## - ADDED ENTRY ELEMENTS (KOHA) | |
| Source of classification or shelving scheme | Dewey Decimal Classification |
| Koha item type | كتب |
| حالة السحب | حالة الفقدان | مصدر التصنيف | حالة التلف | غير قابل للإعارة | المكتبة الرئيسية | المكتبة الحالية | موقع الرف | تاريخ التزويد | الرقم المتسلسل | Total Checkouts | رقم الإستدعاء | الباركود | تاريخ آخر ظهور | تاريخ الفاتورة | نوع المادة (كوها) |
|---|---|---|---|---|---|---|---|---|---|---|---|---|---|---|---|
| Dewey Decimal Classification | المكتبة المركزية | المكتبة المركزية | الإعارة | 28/07/2025 | 1196884 | 641.3/بلد | PLD00020399 | 28/07/2025 | 28/07/2025 | كتب | |||||
| Dewey Decimal Classification | المكتبة المركزية | المكتبة المركزية | الإعارة | 02/01/2011 | 1453915 | 641.3/بلد | PLD00176802 | 28/07/2025 | 02/01/2011 | كتب | |||||
| Dewey Decimal Classification | مكتبة أبو علندا العامة | مكتبة أبو علندا العامة | الإعارة | 14/06/2008 | 1196893 | 641.3/بلد | PLD00021030 | 28/07/2025 | 14/06/2008 | كتب | |||||
| Dewey Decimal Classification | مكتبة الأميرة ايمان العامة | مكتبة الأميرة ايمان العامة | الإعارة | 14/06/2008 | 1196885 | 641.3/بلد | PLD00021022 | 28/07/2025 | 14/06/2008 | كتب | |||||
| Dewey Decimal Classification | مكتبة الاميرة بديعة | مكتبة الاميرة بديعة | الإعارة | 14/06/2008 | 1196888 | 641.3/بلد | PLD00021025 | 28/07/2025 | 14/06/2008 | كتب | |||||
| Dewey Decimal Classification | مكتبة الجويدة | مكتبة الجويدة | الإعارة | 14/06/2008 | 1196889 | 641.3/بلد | PLD00021026 | 28/07/2025 | 14/06/2008 | كتب | |||||
| Dewey Decimal Classification | مكتبة الراية الهاشمية للأطفال | مكتبة الراية الهاشمية للأطفال | الأطفال | 07/10/2015 | 1466668 | 641.3/بلد | PLD00352604 | 28/07/2025 | 07/10/2015 | كتب | |||||
| Dewey Decimal Classification | مكتبة النصر العامة | مكتبة النصر العامة | الإعارة | 14/06/2008 | 1196895 | 641.3/بلد | PLD00021032 | 28/07/2025 | 14/06/2008 | كتب | |||||
| Dewey Decimal Classification | مكتبة حمزة العامة | مكتبة حمزة العامة | الإعارة | 14/06/2008 | 1196890 | 641.3/بلد | PLD00021027 | 28/07/2025 | 14/06/2008 | كتب | |||||
| Dewey Decimal Classification | مكتبة صويلح العامة | مكتبة صويلح العامة | الإعارة | 14/06/2008 | 1196886 | 641.3/بلد | PLD00021023 | 28/07/2025 | 14/06/2008 | كتب | |||||
| Dewey Decimal Classification | مكتبة وادي السير العامة | مكتبة وادي السير العامة | الإعارة | 14/06/2008 | 1196894 | 641.3/بلد | PLD00021031 | 28/07/2025 | 14/06/2008 | كتب |